000 00736nam a2200289Ia 4500
005 20260324122358.0
008 008 260324s9999 xx 000 0 eng d
020 _a9781315551296
037 _aEBOOK
040 _aCRL
040 _beng
040 _cCRL
041 _2eng
041 _aeng
084 _qCRL
100 _aDavid Jasper; Maria Antonaccio; Dale Wright
_91166211
245 0 _aTheological Reflection and the Pursuit of Ideals
245 0 _bTheology, Human Flourishing and Freedom
260 _bTaylor and Francis
260 _c2013
365 _a
365 _b240
856 _uhttp://www.taylorfrancis.com/books/9781315551296
942 _cEBOOK
999 _c1758915
_d1758915